| 000 | 00742nam a2200241 a 4500 | ||
|---|---|---|---|
| 005 | 20240925065120.0 | ||
| 008 | 991125s1978 mx 000 0 spa u | ||
| 020 | _a9684150148 | ||
| 035 | _aUPN01000026567 | ||
| 049 | _aCG | ||
| 050 | 4 |
_aHM131 _bF4.3 1978 |
|
| 100 | 1 | _aFernández Calderón, Julieta | |
| 245 | 1 | 3 |
_aEl grupo operativo : _bteoría y práctica / _cJulieta Fernández Calderón, Guillermo C. Cohen DeGovia. |
| 250 | _a2a ed. | ||
| 260 |
_aMéxico : _bExtemporáneos, _c1978. |
||
| 300 | _a209 p. | ||
| 440 | 0 | _aTextos extemporáneos | |
| 650 | 4 |
_aDinámica de grupos _96712 |
|
| 650 | 2 |
_aGrupos sociales _97125 |
|
| 650 | 4 |
_aPsicología social _95889 |
|
| 700 | 1 |
_aCohen DeGovia, Guillermo C., _ecoaut. |
|
| 905 | _aLibro | ||
| 999 |
_c26567 _d26567 |
||